• 首页
  • 本馆介绍
  • 公告通知
  • 最新文献
  • 馆藏检索
  • 电子资源
  • 读者导购
  • 参考咨询
  • 我的图书馆
  • 登录
  • 详细信息显示
  • 放入我的书架
  • 预约/预借图书
  • 作者相关作品
  • 分类相关作品
  • 丛书相关作品
  • 出版社相关作品

书目信息

  • 表格格式
  • 工作单格式
  • 卡片格式
题名:
图书分类法
    
 
作者: ;中国人民大学图书馆集体 编著
分册:  
出版信息: 北京   中国人民大学出版社  1982
页数: 720页
开本: 20cm
丛书名:
单 册:
中图分类: G254.1
科图分类:
主题词: 图书馆学 , 图书馆事业
电子资源:
ISBN:
000 00667nam0 2200217 450
001 0629295328
005 20060720081037.59
010    @b精装@dCNY6.00
100    @a20060720d1982 km y0chiy0120 ea
101 0  @achi
102    @aCN@b110000
200 1  @a图书分类法@Atu shu fen lei fa@f中国人民大学图书馆集体编著@Fzhong guo ren min da xue tu shu guan ji ti bian zhu
205    @a增订
210    @a北京@c中国人民大学出版社@d1982
215    @a720页@d20cm
606 0  @a图书馆学
606 0  @a图书馆事业
690    @aG254.1@v3
711  0 @a中国人民大学图书馆集体@Azhong guo ren min da xue tu shu guan ji ti@4编著
801  0 @aCN@bPFT@c20060720
905    @a10447@dG254.1@e69
    
    图书分类法/中国人民大学图书馆集体编著.-增订.-北京:中国人民大学出版社,1982
    720页;20cm
    
    
    ISBN (精装):CNY6.00
    
●
相关链接 在E读中查询图书 在五车中查询图书 在当当中查询图书 在豆瓣中查询图书


正题名:图书分类法     索取号:G254.1/69         预约/预借

序号 登录号 条形码 馆藏地/架位号 状态 备注
1 0424767   204247671   密集书库/ [索取号:G254.1/69] 在馆    
唐山师范学院图书馆 欢迎您!
大连网信软件有限公司© 版权所有